BIBLIOTHÈQUE DE LA MAISON DU MEXIQUE

Logo 1 Logo 2

La familia Serdán (notice nᵒ 9079)

détails MARC
000 -Sello discográfico
campo de control de longitud fija 01013nam a2200337 4500
005 - Identificación de versión
campo de control 20251016085134.0
035 ## - Otros números de control del sistema
Número de control del sistema 10586
099 ## - fechas locales
Tipo de ítem Koha LIBRO
100 ## - Datos de procesamiento general
Datos de procesamiento general 20030625d1976 m y1spay5003 ba
105 ## - Campo de datos codificados: Material textual, monográfico
Datos codificados de monografía a 001zb
200 1# - Título y mención de responsabilidad
Título propio La familia Serdán
Designación general del material texto impreso
Primer mención de responsabilidad Jesús Flores Sevilla
Declaración de responsabilidad subsiguiente edición Jacobo Chencinsky y Santiago Fernández
205 ## - Declaración de edición
Declaración de edición 1a ed
210 ## - Publicación, distribución, etc.
Lugar de publicación, distribución, etc. México
Nombre del editor, distribuidor, etc. Secretaría de Educación Pública
Fecha de publicación, distribución, etc. 1976
215 ## - Descripción física
Designación de material específico y extensión del ítem 199 p
Otras características físicas fot.
Dimensiones 17 cm
345 ## - Nota de información de adquisición
Fuente de adquisición/dirección de la suscripción [OBSOLETO] Donación
410 #1 - Series
Título SepSetentas
Número de volumen 277
600 ## - Nombre personal usado como materia
Elemento de entrada Serdán
Parte del nombre distinta del elemento de entrada Aquiles
Fechas 1876-1910
Número Koha 15453
602 ## - Nombre de familia utilizado como tema
Elemento de entrada Serdán, Familia
Número Koha 15454
607 ## - Nombre geográfico utilizado como tema
Elemento de entrada México
Subdivisión temática Historia
Subdivisión cronológica 1867-1910
Número Koha 1347
660 ## - Código de área geográfica
Código MX
700 ## - Nombre personal - Responsabilidad primaria
Elemento de entrada Flores Sevilla
Parte del nombre distinta del elemento de entrada Jesús
Número Koha 15455
702 ## - Nombre personal - Responsabilidad secundaria
Elemento de entrada Chencinsky
Parte del nombre distinta del elemento de entrada Jacobo
Número Koha 6472
702 ## - Nombre personal - Responsabilidad secundaria
Elemento de entrada Fernández
Parte del nombre distinta del elemento de entrada Santiago
Número Koha 15456
801 #0 - Fuente de origen
Agencia cm
900 ## -
-- 1/3567
900 ## -
-- 7100315314\250603
942 ## - ELEMENTOS DE ENTRADA SECUNDARIOS (KOHA)
Tipo de ítem Koha Livre
996 ## -
-- MEX
-- 751145101
-- MMAG
-- 001916
-- 082 S479 V.277
-- 20200729LIV
Exemplaires
Estatus retirado Estado de daño Estado de pérdida Fecha de adquisición Biblioteca de origen Biblioteca actual Ubicación en estantería Código de barras Precio de reemplazo Signatura topográfica completa No para préstamo Tipo de ítem Koha Nota pública Nota no pública
      05/08/2025 Casa México Paris Casa México Paris   001916 05/08/2025 082 S479 V.277   Livre 20200729LIV 751145101